| 000 | 00649nam a2200193Ia 4500 | ||
|---|---|---|---|
| 005 | 20250508150625.0 | ||
| 008 | 008 250505s9999 xx 000 0 eng d | ||
| 020 | _a0-442-28450-0 | ||
| 037 | _aTextual | ||
| 040 |
_aFEDL _beng _cFEDL |
||
| 041 |
_aeng _2eng |
||
| 084 |
_a707.8, HOB _qFEDL |
||
| 100 |
_aHobbs Edward W _9756754 |
||
| 245 | 0 | _aScenice modelling: A practical handbook on the planning, design, and construction of scenic models, with some notes on those for window displays | |
| 260 |
_aLondon, UK _bCassell and Company Limited _c1930 |
||
| 300 | _a154p. | ||
| 942 |
_cTEXL _h707.8, HOB |
||
| 999 |
_c1324642 _d1324642 |
||